Mrtví promlouvají / (Záznam č. 34260)
| 000 -Návěští | |
|---|---|
| Řídící pole kódované 24B | 01846cam a2200373 i 4500 |
| 001 - Kontrolní číslo | |
| Řídící pole proměnné | nkc20183061358 |
| 003 - Identifikátor kontrolního čísla | |
| Řídící pole proměnné | CZ PrSKC |
| 005 - Datum posledního zpracování | |
| Řídící pole 16B | 20260507091917.0 |
| 007 - Pole pevné délky pro fyzický popis | |
| Řídící pole kódované | ta |
| 008 - Údaje pevné délky | |
| Řídící pole kódované 40B | 181207s2018 xr e 000 f cze d |
| 020 ## - ISBN | |
| ISBN | 9788024383026 |
| 040 ## - Zdroj katalogizace-agentura | |
| Agentura původní katalogizace | TUG001 |
| Jazyk katalogizace | cze |
| Agentura upravující záznam | OLA001 |
| -- | ABA001 |
| Použitá pravidla popisu | rda |
| 041 1# - Kód jazyka | |
| Kód jazyka textu/zvuku, mezititulků | cze |
| Kód jazyka originálu | eng |
| 072 #7 - Kód předmětové kategorie - Konspekt | |
| Předmětová kategorie | 821.111(73)-3 |
| Zpřesnění předmětové kategorie | Americká próza |
| Zdroj předmětové klasifikace | Konspekt |
| 080 ## - MDT | |
| Klasifikační znak MDT | 821.111(73)-31 |
| Idetifikátor vydání MDT | MRF |
| 080 ## - MDT | |
| Klasifikační znak MDT | (0:82-312.4) |
| Idetifikátor vydání MDT | MRF |
| 100 1# - Hlavní záhlaví - osobní jméno autora | |
| Osobní jméno | Castillo, Linda, |
| Datumy související se jménem | 1960- |
| Kód role | aut |
| 9 (RLIN) | 9516 |
| 240 10 - Unifikovaný název | |
| Unifikovaný název | <a href="Dead will tell.">Dead will tell.</a> |
| Jazyk díla | Česky |
| 245 10 - Údaje o názvu | |
| Název | Mrtví promlouvají / |
| Údaj o odpovědností, atd. | Linda Castillo ; překlad Lenka Faltejsková |
| 250 ## - Údaje o vydání | |
| Označení vydání | Vydání první |
| 264 #1 - Nakladatelské údaje | |
| Místo vydání | Brno : |
| Nakladatel | MOBA, |
| Rok vydání | 2018 |
| 300 ## - Fyzický popis | |
| Rozsah | 312 stran ; |
| Rozměry | 21 cm |
| 500 ## - Všeobecná poznámka | |
| Text obecné poznámky | Přeloženo z angličtiny |
| 520 2# - Anotace | |
| Anotace, atd. | Šestý díl z volné řady krimithrillerů, zasazených do amišské komunity, s hrdinkou Kate Burkholderovou. Kate zjistí, že údajná sebevražda na staré farmě může být ve skutečnosti rafinovanou vraždou. |
| Rozšířený text anotace | Vyšetřování nejnovějšího zločinu má v okolí dosti záhadnou příchuť. O farmě Hochstetlerových, kde je nalezeno mrtvé tělo starého muže, se říká, že je prokletá. Kate nehodlá přijmout předpoklad, že se jedná o sebevraždu a hodlá podivnou smrt vyšetřit. Záhy zjistí, že se nemýlila, neboť se objeví další podobný případ. Kate se tak ve vyšetřování ponoří hluboko do minulosti, kdy na farmě před více než třiceti lety zahynul amišský otec se čtyřmi dětmi a matka beze stopy zmizela. |
| 655 #7 - Rejstříkový termín - žánr/forma | |
| Žánr/forma či základní termín | americké romány |
| 655 #7 - Rejstříkový termín - žánr/forma | |
| Žánr/forma či základní termín | detektivní romány |
| 655 #7 - Rejstříkový termín - žánr/forma | |
| Žánr/forma či základní termín | thrillery (romány) |
| -- | 20 |
| 655 #9 - Rejstříkový termín - žánr/forma | |
| Žánr/forma či základní termín | American fiction |
| 655 #9 - Rejstříkový termín - žánr/forma | |
| Žánr/forma či základní termín | detective novels |
| 655 #9 - Rejstříkový termín - žánr/forma | |
| Žánr/forma či základní termín | thrillers (novels) |
| -- | 125 |
| 700 1# - Vedlejší záhlaví - osobní jméno autora | |
| Osobní jméno | Faltejsková, Lenka, |
| Datumy související se jménem | 1974- |
| Kód role | trl |
| 9 (RLIN) | 5586 |
| 910 ## - Údaje o vlastníkovi jednotky (exempláře) | |
| Sigla vlastníka jednotky | ABG508 |
| Stav ztráty | Zdroj klasifikace pro skladování | Stav poškození |
|---|---|---|
| Universal Decimal Classification |